<?xml version="1.0" encoding="UTF-8"?>
<collection xmlns="http://www.loc.gov/MARC21/slim">
 <record>
  <leader>00757nam a22001931a 4500</leader>
  <controlfield tag="001">1/19817</controlfield>
  <controlfield tag="008">030114s1943    nyu           000 0 eng d</controlfield>
  <datafield tag="035" ind1=" " ind2=" ">
   <subfield code="l">20393</subfield>
  </datafield>
  <datafield tag="040" ind1=" " ind2=" ">
   <subfield code="a">DLC</subfield>
   <subfield code="b">GR-PeUP</subfield>
  </datafield>
  <datafield tag="082" ind1="0" ind2="0">
   <subfield code="a">844.31 MO</subfield>
  </datafield>
  <datafield tag="100" ind1="1" ind2=" ">
   <subfield code="a">Montaigne, Michel de,</subfield>
   <subfield code="d">1533-1592.</subfield>
  </datafield>
  <datafield tag="245" ind1="1" ind2="0">
   <subfield code="a">Selected essays /</subfield>
   <subfield code="c">De Montaigne Michel ; translated and with introduction and notes, by Donald M. Frame.</subfield>
  </datafield>
  <datafield tag="260" ind1=" " ind2=" ">
   <subfield code="a">New York :</subfield>
   <subfield code="b">Published for the Classics Club by W.J.Black,</subfield>
   <subfield code="c">1943.</subfield>
  </datafield>
  <datafield tag="300" ind1=" " ind2=" ">
   <subfield code="a">xxx, 364 p. ;</subfield>
   <subfield code="c">19 cm.</subfield>
  </datafield>
  <datafield tag="490" ind1="1" ind2=" ">
   <subfield code="a">Classics club library ;</subfield>
  </datafield>
  <datafield tag="600" ind1="1" ind2="4">
   <subfield code="a">Montaigne, Michel de,</subfield>
   <subfield code="d">1533-1592</subfield>
   <subfield code="x">Translations into English.</subfield>
  </datafield>
  <datafield tag="700" ind1="1" ind2=" ">
   <subfield code="a">Frame, Donald Murdoch,</subfield>
   <subfield code="d">1911-</subfield>
  </datafield>
  <datafield tag="830" ind1=" " ind2=" ">
   <subfield code="a">Classics club library.</subfield>
  </datafield>
  <datafield tag="852" ind1=" " ind2=" ">
   <subfield code="a">INST</subfield>
   <subfield code="b">UNIPILB</subfield>
   <subfield code="c">MAIN</subfield>
   <subfield code="e">20040709</subfield>
   <subfield code="h">844.31 MO</subfield>
   <subfield code="p">00140537</subfield>
   <subfield code="q">00140537</subfield>
   <subfield code="t">LOAN</subfield>
   <subfield code="y">0</subfield>
   <subfield code="4">1</subfield>
  </datafield>
 </record>
</collection>
